000
00393nam a2200145Ia 4500
008
100122s9999 xx 000 0 und d
082
_b
21627
_a
823
100
_a
फडके ना सी
245
_a
अंजली
260
_b
पंडित अनंत कुलकर्णी
_c
1969
300
_a
271
630
_a
अंजली
730
_a
अंजली
942
_c
BOOK
999
_c
409583
_d
409580